| 000 | 00594nam a22002057a 4500 | ||
|---|---|---|---|
| 003 | Ost | ||
| 005 | 20200505140517.0 | ||
| 008 | 200505b ||||| |||| 00| 0 eng d | ||
| 020 | _a9788126509409 | ||
| 040 | _cBT-PhCST | ||
| 050 | _a12715 | ||
| 082 |
_222 _a658 |
||
| 100 | _aMantel, Samuel...[et al.] | ||
| 245 |
_aProject management : _bcore textbook / |
||
| 250 | _a1st ed. | ||
| 260 |
_aNew Delhi, _bJ ohn Wiley and Sons, _cc2005. |
||
| 300 |
_axviii,386 p. ; _bill. ; _c24 cm. |
||
| 700 | _aMeredith, Jack R; Shafer, Scott M; Sutton, Margaret M. and Gopalan M. R. | ||
| 942 |
_2ddc _cMAG _09 |
||
| 999 |
_c1685 _d1685 |
||